• 首页
  • 本馆介绍
  • 公告通知
  • 最新文献
  • 馆藏检索
  • 电子资源
  • 读者导购
  • 参考咨询
  • 我的图书馆
  • 登录
  • 详细信息显示
  • 放入我的书架
  • 预约/预借图书
  • 作者相关作品
  • 分类相关作品
  • 丛书相关作品
  • 出版社相关作品

书目信息

  • 表格格式
  • 工作单格式
  • 卡片格式
题名:
春天的歌
    
 
作者: 林华 编创 ;徐亮亮 注释
分册:  
出版信息: 上海   上海音乐出版社  2020.5
页数: 322页
开本: 30cm
丛书名:
单 册:
中图分类: J652.63
科图分类:
主题词: 童声合唱--儿童歌曲--世界--选集
电子资源:
ISBN: 978-7-5523-1946-0
000 01396nam0 2200277 45
001 012001001592
005 20211020102047.28
010    @a978-7-5523-1946-0@dCNY88.00
100    @a20201126d2020 em y0chiy0110 ea
101 0  @achi
102    @aCN@b310000
105    @ag z 000yy
106    @ar
200 1  @a春天的歌@Achun tian de ge@e中外童声合唱曲精选@f林华编创@g徐亮亮注释
205    @a修订版
210    @a上海@c上海音乐出版社@d2020.5
215    @a322页@d30cm
300    @a其他题名:中外童声合唱曲精选
330    @a林华是上海音乐学院资深教授,总能将纷繁复杂的音乐知识以风趣幽默、“一针见血”式的笔调呈现,深受广大读者爱戴。在我社出版的《学琴日记》《教琴日记》《我爱巴赫》等书市场反应良好。《春天的歌》系童声合唱曲集,出版2003年,马革顺作序,林华和徐亮亮编写。该曲集为上海春天合唱团建团初期所唱的歌曲。几年来该团以这些乐曲训练不同程度的学员,并以其中的选曲参加国际赛事,取得令人瞩目的成绩,成长为蜚声世界一流合唱团。因此本书出版后立即售磬,断销多年,读者纷纷要求再版。近年合唱活动蓬勃开展,作者做了扩容,由原26首增为30首,为适应不同层次需要,有些歌曲兼有普通版和高级版。此外,该团和上海音乐学院女子合唱团将全部录音附于书中。
517 1  @a中外童声合唱曲精选
606 0  @a童声合唱@x儿童歌曲@y世界@j选集
690    @aJ652.63@v5
701  0 @a林华@Alin hua@4编创
702  0 @a徐亮亮@Axu liang liang@4注释
801    @aCN@b江苏凤凰@c20211018
905    @b1344105-8@dJ652.63@e773=2@f4
    
    春天的歌:中外童声合唱曲精选/林华编创/徐亮亮注释.-修订版.-上海:上海音乐出版社,2020.5
    322页;30cm
    其他题名:中外童声合唱曲精选
    
    ISBN 978-7-5523-1946-0:CNY88.00
    林华是上海音乐学院资深教授,总能将纷繁复杂的音乐知识以风趣幽默、“一针见血”式的笔调呈现,深受广大读者爱戴。在我社出版的《学琴日记》《教琴日记》《我爱巴赫》等书市场反应良好。《春天的歌》系童声合唱曲集,出版2003年,马革顺作序,林华和徐亮亮编写。该曲集为上海春天合唱团建团初期所唱的歌曲。几年来该团以这些乐曲训练不同程度的学员,并以其中的选曲参加国际赛事,取得令人瞩目的成绩,成长为蜚声世界一流合唱团。因此本书出版后立即售磬,断销多年,读者纷纷要求再版。近年合唱活动蓬勃开展,作者做了扩容,由原26首增为30首,为适应不同层次需要,有些歌曲兼有普通版和高级版。此外,该团和上海音乐学院女子合唱团将全部录音附于书中。
●
相关链接 在E读中查询图书 在五车中查询图书 在当当中查询图书 在豆瓣中查询图书


正题名:春天的歌     索取号:J652.63/773=2         预约/预借

序号 登录号 条形码 馆藏地/架位号 状态 备注
1 1344105   213441051   第一样本阅览室/ [索取号:J652.63/773=2] 在馆    
2 1344106   213441060   第一借阅区/ [索取号:J652.63/773=2] 在馆    
3 1344107   213441079   第一借阅区/ [索取号:J652.63/773=2] 在馆    
4 1344108   213441088   第一借阅区/ [索取号:J652.63/773=2] 在馆    
唐山师范学院图书馆 欢迎您!
大连网信软件有限公司© 版权所有